[Event "ROM-chT2"]
[Site "Calimanesti"]
[Date "2014.11.10"]
[Round "3.5"]
[White "Grozav, Valeriu Gheorghe"]
[Black "Duca, Alexandru Gabriel"]
[Result "0-1"]
[WhiteElo "2163"]
[BlackElo "2278"]
[PlyCount "72"]
[EventDate "2014.11.08"]
[EventType "team-tourn"]
[EventRounds "9"]
[EventCountry "ROU"]
[SourceTitle "CBM 163 Extra"]
[Source "ChessBase"]
[SourceDate "2014.12.23"]
[SourceVersion "1"]
[SourceVersionDate "2014.12.23"]
[SourceQuality "1"]
[WhiteTeam "Resita Muncitorul"]
[BlackTeam "Brasov CSU"]
[WhiteTeamCountry "ROU"]
[BlackTeamCountry "ROU"]

1. e4 d5 2. exd5 Nf6 3. d4 Qxd5 4. Nc3 Qd6 5. Bc4 a6 6. Nge2 Qc6 7. Qd3 Qxg2 8. Rg1 Qh3 9. Qxh3 Bxh3 10. Nf4 Bf5 11. Nfd5 Kd8 12. Nxf6 exf6 13. Bxf7 Nc6 14. Be3 Bxc2 15. Rc1 Bg6 16. Bxg6 hxg6 17. Rxg6 Rxh2 18. Ke2 Kd7 19. a3 Re8 20. Kd3 Ne7 21. Rgg1 Nf5 22. b4 Rh3 23. Rce1 Bd6 24. Rg4 g5 25. Re4 Nxe3 26. fxe3 f5 27. Rxe8 Kxe8 28. Rg1 g4 29. Rg2 Kf7 30. Nd1 Rh2 31. Rxh2 Bxh2 32. Ke2 Ke6 33. Nc3 Bd6 34. Kf2 b6 35. e4 fxe4 36. Nxe4 g3+ 0-1

[Event "ROM-chTA"]
[Site "Olanesti"]
[Date "2012.10.08"]
[Round "3.4"]
[White "Paval, George"]
[Black "Grozav, Valeriu Gheorghe"]
[Result "1-0"]
[WhiteElo "2190"]
[BlackElo "2170"]
[PlyCount "127"]
[EventDate "2012.10.06"]
[EventType "team-tourn"]
[EventRounds "9"]
[EventCountry "ROU"]
[SourceTitle "CBM 150 Extra"]
[Source "ChessBase"]
[SourceDate "2012.10.19"]
[SourceVersion "1"]
[SourceVersionDate "2012.10.19"]
[SourceQuality "1"]
[WhiteTeam "Galati"]
[BlackTeam "Resita Muncitorul"]
[WhiteTeamCountry "ROU"]
[BlackTeamCountry "ROU"]

1. c4 e5 2. g3 d6 3. Bg2 g6 4. Nc3 Bg7 5. Nf3 c6 6. d4 exd4 7. Nxd4 Nf6 8. 0-0 0-0 9. b3 Na6 10. Bb2 Nc7 11. e4 Bg4 12. f3 Bc8 13. Qd2 Re8 14. Rfe1 Ne6 15. Nc2 Qc7 16. Rad1 Rd8 17. Ne3 b6 18. f4 Bb7 19. Qc2 Rac8 20. Qb1 Ne8 21. Kh1 a6 22. f5 Nc5 23. Ne2 Nd7 24. Bxg7 Kxg7 25. fxg6 hxg6 26. Nf4 Ne5 27. Qb2 Nf6 28. Rf1 Qe7 29. Rf2 Rf8 30. h4 Rcd8 31. Rdf1 Bc8 32. Qc3 Nfg4 33. Nxg4 Bxg4 34. Qe3 b5 35. cxb5 axb5 36. Rc2 Ra8 37. Qd4 f6 38. a4 bxa4 39. bxa4 g5 40. hxg5 fxg5 41. Nd3 Rxf1+ 42. Bxf1 c5 43. Qa1 Ra5 44. Rf2 Bd7 45. Nxe5 dxe5 46. Bc4 Rxa4 47. Qc1 Be8 48. Rf5 Bg6 49. Rxg5 Rxc4 50. Rxg6+ Kxg6 51. Qxc4 Qd6 52. Kg2 Kf6 53. Kf3 Qd1+ 54. Kg2 Qd4 55. Qa6+ Ke7 56. Qa7+ Ke6 57. Qa6+ Qd6 58. Qxd6+ Kxd6 59. Kf3 Ke6 60. Ke3 Kf6 61. Kd3 Kg5 62. Kc4 Kg4 63. Kxc5 Kxg3 64. Kd6 1-0

[Event "ROM-chTA"]
[Site "Olanesti"]
[Date "2012.10.06"]
[Round "1.4"]
[White "Stefan, Bogdan Liviu"]
[Black "Grozav, Valeriu Gheorghe"]
[Result "0-1"]
[WhiteElo "2127"]
[BlackElo "2170"]
[PlyCount "178"]
[EventDate "2012.10.06"]
[EventType "team-tourn"]
[EventRounds "9"]
[EventCountry "ROU"]
[SourceTitle "CBM 150 Extra"]
[Source "ChessBase"]
[SourceDate "2012.10.19"]
[SourceVersion "1"]
[SourceVersionDate "2012.10.19"]
[SourceQuality "1"]
[WhiteTeam "Bucharest"]
[BlackTeam "Resita Muncitorul"]
[WhiteTeamCountry "ROU"]
[BlackTeamCountry "ROU"]

1. e4 c5 2. Nf3 e6 3. d3 d6 4. g3 Nc6 5. Bg2 Nf6 6. 0-0 Be7 7. c3 0-0 8. Re1 e5 9. d4 cxd4 10. cxd4 Bg4 11. d5 Nd4 12. Be3 Nxf3+ 13. Bxf3 Qd7 14. Nc3 Bxf3 15. Qxf3 Ng4 16. Rac1 f5 17. exf5 Nxe3 18. Qxe3 Rxf5 19. Ne4 Bd8 20. Rc2 Bb6 21. Qc3 Raf8 22. Ree2 Rd8 23. Qd3 Rh5 24. Qf3 Qh3 25. Qg2 Qg4 26. Kh1 Rf5 27. h3 Qg6 28. g4 Rf4 29. Ng3 Rd4 30. Kh2 Qg5 31. Nf5 Rd3 32. Qe4 Rd1 33. Rc3 g6 34. Ng3 Rd4 35. Qg2 Rf8 36. Ne4 Qf4+ 37. Rg3 Rd8 38. g5 Kg7 39. Nf6 h6 40. Ne4 h5 41. Qf3 Qxf3 42. Rxf3 Rxd5 43. Rf6 Rd4 44. Kg2 Rd7 45. f4 exf4 46. Rxf4 Re7 47. Kf3 Rd3+ 48. Kg2 d5 49. Nc3 Rxe2+ 50. Nxe2 Rd2 51. Kf1 Rxb2 52. a4 Be3 53. Rf3 Bxg5 54. Nd4 Rb6 55. Rc3 Bf4 56. a5 Rf6 57. Ke2 Be5 58. Rd3 Bxd4 59. Rxd4 Rd6 60. Rb4 Rd7 61. h4 Kf6 62. Rb1 Kf5 63. Rg1 Rd6 64. Ke3 d4+ 65. Kd3 Kf6 66. Rf1+ Ke6 67. Rb1 b6 68. a6 b5 69. Rxb5 Rxa6 70. Rg5 Kf6 71. Rd5 Ra3+ 72. Kd2 d3 73. Rd6+ Kf5 74. Rd5+ Ke6 75. Rg5 Kf6 76. Rc5 Ra4 77. Rc6+ Kg7 78. Kxd3 Rxh4 79. Rc7+ Kf6 80. Rxa7 Rf4 81. Ke3 Rf5 82. Ra6+ Kg5 83. Ra4 h4 84. Ra1 Kh5 85. Rg1 g5 86. Rh1 g4 87. Ra1 h3 88. Ra8 Kh4 89. Ra2 Kg3 0-1

[Event "ROM-chT"]
[Site "Eforie Nord"]
[Date "2008.09.05"]
[Round "5"]
[White "Ardelean, George Catalin"]
[Black "Grozav, Valeriu Gheorghe"]
[Result "1-0"]
[WhiteElo "2498"]
[BlackElo "2198"]
[PlyCount "79"]
[EventDate "2008.09.01"]
[EventType "team"]
[EventRounds "9"]
[EventCountry "ROU"]
[SourceTitle "CBM 126 Extra"]
[Source "ChessBase"]
[SourceDate "2008.11.05"]
[SourceVersion "1"]
[SourceVersionDate "2008.11.05"]
[SourceQuality "1"]

1. e4 e6 2. d4 d5 3. Nc3 dxe4 4. Nxe4 Bd7 5. Nf3 Bc6 6. Bd3 Nd7 7. 0-0 Be7 8. Qe2 Ngf6 9. Neg5 Bxf3 10. Nxf3 0-0 11. Rd1 c5 12. c3 cxd4 13. Nxd4 Nc5 14. Bc2 Qc8 15. Bg5 Nd5 16. Bxe7 Nxe7 17. Qh5 g6 18. Qh6 Kh8 19. Re1 Ng8 20. Qf4 a6 21. Rad1 Nd7 22. Nf3 Ndf6 23. g4 h6 24. h4 h5 25. g5 Nd5 26. Qd4+ Kh7 27. c4 Nde7 28. Qf4 b5 29. Ne5 bxc4 30. Nd7 Nd5 31. Nxf8+ Qxf8 32. Qxc4 Rb8 33. Rxd5 exd5 34. Qxd5 Rxb2 35. Bb3 Ne7 36. Qd6 Qc8 37. Rxe7 Qg4+ 38. Qg3 Rxb3 39. axb3 Qd1+ 40. Kh2 1-0

[Event "ROM-chT"]
[Site "Eforie Nord"]
[Date "2008.09.04"]
[Round "4"]
[White "Grozav, Valeriu Gheorghe"]
[Black "Berescu, Alin Mile"]
[Result "0-1"]
[WhiteElo "2198"]
[BlackElo "2489"]
[PlyCount "82"]
[EventDate "2008.09.01"]
[EventType "team"]
[EventRounds "9"]
[EventCountry "ROU"]
[SourceTitle "CBM 126 Extra"]
[Source "ChessBase"]
[SourceDate "2008.11.05"]
[SourceVersion "1"]
[SourceVersionDate "2008.11.05"]
[SourceQuality "1"]

1. e4 c5 2. Nf3 Nc6 3. d4 cxd4 4. Nxd4 Nf6 5. Nc3 d6 6. Bg5 Bd7 7. f4 Rc8 8. Be2 a6 9. Nxc6 Bxc6 10. Qd4 e6 11. 0-0 Be7 12. Kh1 0-0 13. Rad1 Qa5 14. Qe3 h6 15. Bh4 Ng4 16. Bxg4 Bxh4 17. f5 exf5 18. Rxf5 Qd8 19. Qd2 Bd7 20. e5 Bxf5 21. Bxf5 Rc5 22. Nd5 dxe5 23. b4 Rc6 24. Qe2 g6 25. g3 Bg5 26. Be4 Rd6 27. c4 f5 28. Bc2 e4 29. Bb3 Kh8 30. Qb2+ Bf6 31. Qc1 Bg7 32. Qf4 Rd7 33. h4 Qb8 34. Qe3 Rfd8 35. Rf1 Qe5 36. Nf4 Kh7 37. Nd5 b5 38. h5 bxc4 39. hxg6+ Kh8 40. Bxc4 Rxd5 41. Bxa6 R5d6 0-1